La tierra de Ana: una fábula sobre el medioambiente y el clima de nuestro planeta (Registro nro. 7502)
[ vista simple ]
| 000 -Cabecera | |
|---|---|
| Campo de control de longitud fija | 00569nam a22002177a 4500 |
| 005 - Fecha y hora de la última transacción | |
| Campo de control | 20241119113951.0 |
| 008 - Elementos de longitud fija--Información general | |
| Campo de control de longitud fija | 160125b xxu||||| |||| 00| 0 spa d |
| 020 ## - International Standard Book Number | |
| Número Internacional Estándar del Libro (ISBN) | 9788415803973 |
| 041 ## - Idioma | |
| Código de idioma | Español |
| 082 ## - Clasificación Decimal Dewey | |
| Número de clasificación | 839.823.7 G111t |
| 100 ## - Entrada principal--Autor personal | |
| Nombre personal | Gaarder, Jostein |
| 245 ## - Título propiamente dicho | |
| Título | La tierra de Ana: una fábula sobre el medioambiente y el clima de nuestro planeta |
| 260 ## - Pie de imprenta | |
| Lugar de publicación, distribución, etc. | España |
| 260 ## - Pie de imprenta | |
| Nombre del editor, distribuidor, etc. | Siruela |
| 260 ## - Pie de imprenta | |
| Fecha de publicación, distribución, etc. | 2013 |
| 300 ## - Descripción física | |
| Extensión | 191 páginas |
| 650 ## - Materia general | |
| Temática (materia general) | LITERATURA NORUEGA |
| 650 ## - Materia general | |
| Temática (materia general) | NOVELA NORUEGA |
| 650 ## - Materia general | |
| Temática (materia general) | MEDIO AMBIENTE |
| 942 ## - Punto de acceso adicional KOHA | |
| Tipo de ítem KOHA | Literatura |
| Fuente del sistema de clasificación o colocación | Dewey Decimal Classification |
| Signatura completa | Código de barras | Tipo de ítem |
|---|---|---|
| 839.823.7 G111t | 20040 | Literatura |